000 01147nam a2200313 a 4500
003 CO-PeBPR
005 20260413111916.0
007 ta
008 231210s2023 ck a|||ar|||| 00||p spa d
020 _a9789583068065
040 0 _aCO-PeBPR
_bspa
_cCO-PeBPR
_erda
041 0 _hspa
082 0 4 _a(i)782.42 O39s
100 1 _aOjeda, Jairo
_d1948-
_eautor
_918390
245 1 0 _aSon de luna
_c/ Jairo Ojeda ; ilustraciones de María Fernanda Mantilla
250 _aEdición especial
264 _aBogotá, Colombia
_b: Panamericana Editorial
_c, 2023
300 _a43 páginas
_b: ilustraciones a color
_c; 23 centímetros
336 _atexto
_btxt
337 _asin mediación
_bn
_2rdamedia
338 _avolumen
_bnc
_2rdacarrier
521 _aRecomendado para un público infantil a partir de los 6 años
650 1 4 _2LEMB
_aPoesía infantil colombiana
_ySiglo XXI
_9157867
650 1 4 _2LEMB
_aLiteratura infantil colombiana
_ySiglo XXI
_9279499
650 1 4 _2LEMB
_aCanciones de cuna
_910394
650 1 4 _2LEMB
_aHora de dormir
_vLiteratura infantil
_9279500
700 1 _aMantilla, María Fernanda
_eilustradora
_94644
942 _2ddc
_cBKINF
999 _c17380
_d17380